000 00793cam a22002654a 4500
001 16022100
005 20180301043330.0
008 091214s2010 nyu b 001 0 eng
010 _a 2009052571
020 _a9780735588295 (pbk. : alk. paper)
020 _a0735588295 (pbk. : alk. paper)
035 _a(OCoLC)ocn489446410
040 _aDLC
_cDLC
_dYDX
_dBOP
_dZYF
_dONS
_dYDXCP
_dCLU
_dRCJ
_dDLC
041 _aeng
043 _an-us---
080 _a345.73 ric
082 0 0 _a345.73 ric
_222
100 1 _a14
101 _ajur
245 1 0 _aCriminal law /
_cRichard G. Singer, John Q. La Fond.
504 _aIncludes bibliographical references and index.
906 _a7
_bcbc
_corignew
_d1
_eecip
_f20
_gy-gencatlg
942 _2ddc
_cBK
999 _c43796
_d43796